Townsville Knowledge - Statistics

General Stats
  • This quiz has been taken 43 times
  • The average score is 6 of 15
Answer Stats
Question Answer % Correct
In what suburb is Townsvilles sporting complex located? Annandale
83%
What terrace connects Kings Road & Charters Towers Road Bayswater
67%
Which suburb do you pass through to get from Kirwan to Vincent? Heatley
67%
Which long road takes you from Herveys Range Road to Charters Towers Road Ross River Road
67%
Anne and Leopold streets intersect in? Aitkenvale
50%
Bowen Road can take you from Idalia to Hermit Park what 2 suburbs will be ob your left and right along the way after crossing the bridge? Mundingburra and Rosslea
50%
Which suburb does Ingham Road not pass through Burdell
33%
Which suburb don't you pass on the above trek? Currajong
33%
Which suburb does not feature the post code 4812 Railway Estate
33%
Which suburb begins your route west to Charters Towers Wulguru
33%
What is the newest suburb? Idalia
17%
Bundock street meets Stagpole and Howitt street in the following suburbs (Order) West End and North Ward
17%
What is the correct order heading away from our City Kirwan, Cranbrook, Rasmussen, Condon
0%
Which shopping centre received a significant extension in 2011? Willows
0%
Which suburb doesn't feature a view of the surf Yarrawonga
0%
No matching quizzes found
Score Distribution
Percent of People with Each Score
Percentile by Number Answered
Your Score History
You have not taken this quiz